Normal view
MARC view
Entry Personal Name
001 - CONTROL NUMBER
- control field: 25740
003 - CONTROL NUMBER IDENTIFIER
- control field: BD-DhEWU
005 - DATE AND TIME OF LATEST TRANSACTION
- control field: 20240607161700.0
008 - FIXED-LENGTH DATA ELEMENTS
- fixed length control field: 240607|| aca||aabn | a|a d
040 ## - CATALOGING SOURCE
- Original cataloging agency: BD-DhEWU
- Transcribing agency: BD-DhEWU
100 ## - HEADING--PERSONAL NAME
- Personal name: Grewal, B. S
670 ## - SOURCE DATA FOUND
- Source citation: Work cat.: (BD-DhEWU)9376: Grewal, B. S. , Numerical methods in engineering and Science : , 2017 [reprint 2021].